Online
Catalog

Comercio y Mercado en los Imperios Antiguos / (Record no. 42366)

MARC details
000 -CABECERA
campo de control de longitud fija 01050nam a2200253 a 4500
001 - NÚMERO DE CONTROL
campo de control 000042877
005 - FECHA Y HORA DE LA ÚLTIMA TRANSACCIÓN
campo de control 20201002040451.0
008 - DATOS DE LONGITUD FIJA--INFORMACIÓN GENERAL
campo de control de longitud fija 140211s1976 sp 000 0 spa d
020 ## - NÚMERO INTERNACIONAL ESTÁNDAR DEL LIBRO
ISBN cancelado o inválido 843351705X
040 ## - FUENTE DE LA CATALOGACIÓN
Centro catalogador/agencia de origen DO-SdBNP
Lengua de catalogación spa
Centro/agencia transcriptor BNPHU
041 17 - CÓDIGO DE LENGUA
Código de lengua del texto/banda sonora o título independiente spa
Código de lengua original eng
082 ## - NÚMERO DE LA CLASIFICACIÓN DECIMAL DEWEY
Número de clasificación xxx
Número de documento/Ítem P762c
100 1# - ENTRADA PRINCIPAL--NOMBRE DE PERSONA
Nombre de persona Polanyi, Karl,
Fechas asociadas al nombre 1886-1964.
9 (RLIN) 70297
240 10 - TÍTULO UNIFORME
Título uniforme Trade and market in the early empires; economies in history and theory
Lenguaje de la obra Español
245 10 - MENCIÓN DE TÍTULO
Título Comercio y Mercado en los Imperios Antiguos /
Mención de responsabilidad, etc. Karl Polanyi ; dirigido por Karl Polanyi, Conrad M. Arensberg, Harry W. Pearson ; traducido del inglés por Alberto Nicolás ; traducción de la presentación de M. Godelier por J. Martinez Alier.
260 ## - PUBLICACIÓN, DISTRIBUCIÓN, ETC.
Lugar de publicación, distribución, etc. Barcelona :
Nombre del editor, distribuidor, etc. Labor,
Fecha de publicación, distribución, etc. 1976.
300 ## - DESCRIPCIÓN FÍSICA
Extensión 428 p. ;
Dimensiones 22 cm.
490 1# - MENCIÓN DE SERIE
Mención de serie Labor universitaria
-- monografías.
700 12 - PUNTO DE ACCESO ADICIONAL--NOMBRE DE PERSONA
Nombre de persona Arensberg, Conrad M.
9 (RLIN) 70298
700 12 - PUNTO DE ACCESO ADICIONAL--NOMBRE DE PERSONA
Nombre de persona Nicolás, Alberto
9 (RLIN) 70299
700 12 - PUNTO DE ACCESO ADICIONAL--NOMBRE DE PERSONA
Nombre de persona Martínez Alier, Joan
Fechas asociadas al nombre 1939-
Término indicativo de función/relación tr.
9 (RLIN) 70300
700 12 - PUNTO DE ACCESO ADICIONAL--NOMBRE DE PERSONA
Nombre de persona Pearson, Harry W.
9 (RLIN) 70301
830 #0 - PUNTO DE ACCESO ADICIONAL DE SERIE-TÍTULO UNIFORME
Título uniforme Labor universitaria
Nombre de parte o sección de la obra monografías.
9 (RLIN) 70302
Holdings
Estado de retiro Estado de pérdida Restricciones de uso No para préstamo Código de colección Localización permanente Ubicación/localización actual Ubicación en estantería Fecha de adquisición Número de inventario Total de préstamos Signatura topográfica completa Código de barras Fecha visto por última vez Precio válido a partir de Tipo de ítem Koha
      Excluido de préstamo Monografías: Libros y Folletos General General En catalogación 11.02.2014 LF1   xxx P762c 42877-10 25.06.2020 25.06.2020 No se presta

Powered by Koha